000 00446nam a2200181Ia 4500
001 12970
005 20260306163019.0
008 260306t1990||||xx |||||||||||||| ||spa||
041 _aESP
082 _aRD 498.323
_bM84
100 _aMontufar M., Uriel
_eAUT
245 0 _aDiccionario quechua-español español-quechua
260 _c1990
300 _a289 páginas :
_c20 cm.
650 _aGEN
654 _aCHU
942 _cDIC
_dJUS
_fJUS
_2ddc
_n
999 _c12970
_d12970